000 00518nam a2200169Ia 4500
003 GCL
008 140319s9999 xx 000 0 ara d
040 _aGCL /
_cGCL
082 0 4 _a301.247
_bح م
100 1 _aحسين احمد امين
245 1 0 _aالموقف الحضارى من النزعات الدينية ودراسات اخرى /
_cحسين احمد امين
300 _a258 ص
490 _a
650 0 4 _aالاسلام والمجتمع
650 0 4 _aالاجتماع الدينى
942 _2ddc
_cBK
999 _c43614
_d43614